Doña Bárbara
Saved in:
| Hovedforfatter: | |
|---|---|
| Format: | Bog |
| Sprog: | spansk |
| Udgivet: |
Santiago
Andrés Bello
1979
|
| Udgivelse: | 2a. ed |
| Serier: | Biblioteca Andrés Bello, 3
|
| Fag: | |
| Tags: |
Tilføj Tag
Ingen Tags, Vær først til at tagge denne postø!
|
MARC
| LEADER | 00000nam a2200000 a 4500 | ||
|---|---|---|---|
| 001 | UCR3412 | ||
| 003 | CL-VaPUC | ||
| 008 | 980124e19790000CL |||||||||||||||||spa|d | ||
| 082 | 0 | 4 | |a Ve863 |b GAL |2 21 |
| 100 | 0 | |a Gallegos, Rómulo |e author |9 351080 | |
| 245 | 1 | 0 | |a Doña Bárbara |
| 250 | |a 2a. ed | ||
| 300 | |a 360 p | ||
| 942 | |c BK | ||
| 945 | |d 19980124 00:00:00 |a aolguin | ||
| 260 | |a Santiago |b Andrés Bello |c 1979 | ||
| 650 | 0 | |a Novelas venezolanas |9 312407 | |
| 650 | 0 | |a Literatura venezolana |9 348916 | |
| 583 | |a last modification |c 19980124 00:00:00 |k Rodrigo Vera | ||
| 490 | 0 | |a Biblioteca Andrés Bello, 3 | |
| 999 | |c 266489 |d 266487 | ||
| 952 | |0 0 |1 0 |4 0 |6 VE_863_000000000000000_GAL_1979 |7 0 |8 R |9 298104 |a BIBEDU |b BIBEDU |d 2019-11-20 |i 2800187 |o Ve863 GAL 1979 |p 2800187 |r 2023-01-13 |w 2019-11-20 |y BK_R |k LIT | ||
| 952 | |0 0 |1 0 |4 0 |6 VE_863_000000000000000_GAL_1979 |7 0 |8 R |9 298105 |a BIBEDU |b BIBEDU |d 2019-11-20 |i 2800195 |o Ve863 GAL 1979 |p 2800195 |r 2023-01-13 |w 2019-11-20 |y BK_R |k LIT | ||